| 000 | 00653nam a2200217Ia 4500 | ||
|---|---|---|---|
| 003 | OSt | ||
| 005 | 20220925204548.0 | ||
| 006 | a|||||r|||| 00| 0 | ||
| 007 | ta | ||
| 008 | 220923b |||||||| |||| 00| 0 eng d | ||
| 037 | _cGeneral Book | ||
| 040 |
_aRTL _cRTL _beng |
||
| 041 |
_2eng _aeng |
||
| 082 | _aXz7.N71, L1 | ||
| 100 | _aGALBRAITH John kenneth | ||
| 245 | 0 |
_aEconomic, peace and laughter _b A contemporary guide/ edited by Andrea D. Williams. |
|
| 260 |
_aGreat _bBritain Penguin Books _c1971 |
||
| 300 |
_axi,303p. _ccm. |
||
| 942 |
_hXz7.N71, L1 _cGB _2CC |
||
| 999 |
_c549759 _d549759 |
||